Statistics for Dead by Daylight Characters Quiz

Click here to take the quiz!

General Stats

  • This quiz has been taken 1,153 times
    (812 since last reset)
  • The average score is 42 of 59

Answer Stats

Character% Correct
Meg Thomas
93%
Dwight Fairfield
91%
The Trapper
90%
Claudette Morel
88%
William "Bill" Overbeck
87%
Jake Park
85%
The Shape
85%
The Hag
84%
The Hillbilly
84%
The Nurse
84%
Nea Karlsson
83%
The Clown
83%
The Doctor
83%
The Ghost Face
83%
The Wraith
83%
Feng Min
82%
The Nightmare
81%
The Spirit
81%
David King
80%
The Cannibal
80%
The Deathslinger
78%
The Oni
78%
The Pig
78%
The Huntress
77%
The Trickster
77%
Ace Visconti
75%
Steve Harrington
75%
The Legion
75%
The Plague
75%
Kate Denson
74%
Leon Scott Kennedy
74%
The Twins
74%
Ashley J, Williams
73%
The Demogorgon
73%
Nancy Wheeler
72%
The Nemesis
72%
The Executioner
71%
The Artist
69%
The Cenobite
68%
Jill Valentine
67%
The Blight
67%
Laurie Strode
66%
Yui Kimura
66%
Adam Francis
65%
Detective Tapp
63%
The Onryo
63%
Jane Romero
61%
Zarina Kassir
60%
Quentin Smith
59%
Jeff Johansen
58%
The Dredge
57%
Mikaela Reid
56%
Cheryl Mason
54%
Yun-Jin Lee
52%
Élodie Rakoto
50%
Felix Richter
49%
Haddie Kaur
45%
Jonah Vasquez
43%
Yoichi Asakawa
43%

Score Distribution

Percentile by Number Answered

Percent of People with Each Score

Your Score History

You have not taken this quiz since the last reset